De quel plat s'agit-il ? - Statistiques

Statistiques générales
  • Ce quiz a été pris 269 fois
  • Le résultat moyen est 7 sur 10
Statistiques - réponses
Question Réponse % Correct
Boeuf bourguignon
97%
Pates à la carbonara
97%
Tiramisu
94%
Ceviche
84%
Moussaka
78%
Onigiri
75%
Kimchi
53%
Riz jollof
41%
Poulet biryani
22%
Biltong
13%
Aucun quiz correspondant
Distribution des résultats
% des personnes avec chaque résultat
Percentile par nombre de réponses
Votre historique - résultats
Vous n’avez pas pris ce quiz